000 00452nam a2200181Ia 4500
003 GCL
008 140319s9999 xx 000 0 eng d
040 _aGCL /
_cGCL
082 0 4 _a843
_bN I
100 1 _aDE NERVAL, GERARD
245 1 0 _aLES ILLUMINES /
_cDE NERVAL, GERARD
260 _a[S.N] :
_bGALLIMARD ،
_c1992
300 _a441 P
490 _aCOLLECTION FOLIO
_v0
650 0 4 _aLITERATURE
650 0 4 _aFRENCH LITERATURE
942 _2ddc
_cBK
999 _c22458
_d22458